|
|
|
|
| LEADER |
00000nam0a2200000 4500 |
| 001 |
42225 |
| 005 |
20231031015151.0 |
| 010 |
|
|
|a 584010101X
|
| 035 |
|
|
|a (RuTPU)RU\TPU\book\43475
|
| 090 |
|
|
|a 42225
|
| 100 |
|
|
|a 20020827d2001 k y0rusy50 ca
|
| 101 |
0 |
|
|a rus
|
| 102 |
|
|
|a RU
|
| 105 |
|
|
|a y n 000zy
|
| 200 |
1 |
|
|a Религиозные объединения
|a Свобода совести и вероисповедания
|e Нормативные акты
|e Судебная практика
|f Институт религии и права; сост. А. В. Пчелинцев, В. В. Ряховский
|
| 210 |
|
|
|a Москва
|c Юриспруденция
|d 2001
|
| 215 |
|
|
|a 448 с.
|
| 300 |
|
|
|a Авт.-сост. указ. на обороте тит. л.
|
| 610 |
1 |
|
|a право
|
| 610 |
1 |
|
|a права
|
| 610 |
1 |
|
|a свободы
|
| 610 |
1 |
|
|a граждане
|
| 610 |
1 |
|
|a религия
|
| 610 |
1 |
|
|a религиозные объединения
|
| 610 |
1 |
|
|a нормативные акты
|
| 610 |
1 |
|
|a вероисповедание
|
| 610 |
1 |
|
|a свобода совести
|
| 610 |
1 |
|
|a права человека
|
| 610 |
1 |
|
|a судебная практика
|
| 610 |
1 |
|
|a федеральные законы
|
| 610 |
1 |
|
|a Конституционный Суд
|
| 610 |
1 |
|
|a Европейский Суд по правам
|
| 610 |
1 |
|
|a решения
|
| 610 |
1 |
|
|a человек
|
| 686 |
|
|
|a Х620.3
|v LBC/SL-A
|2 rubbk
|
| 702 |
|
1 |
|a Пчелинцев
|b А. В.
|g Анатолий Васильевич
|4 220
|
| 702 |
|
1 |
|a Ряховский
|b В. В.
|g Владимир Васильевич
|4 220
|
| 712 |
0 |
2 |
|a Институт религии и права
|2 stltpush
|3 (RuTPU)RU\TPU\col\964
|
| 801 |
|
1 |
|a RU
|b 63413507
|c 20020827
|g PSBO
|
| 801 |
|
2 |
|a RU
|b 63413507
|c 20230314
|g PSBO
|
| 900 |
|
|
|a Религиоведение
|
| 942 |
|
|
|c BK
|